00450nam a2200193Ia 4500003000400000005001700004008004100021020002200062040000700084041000800091082001500099100001700114245003200131260003300163300001500196365001300211650001400224650001800238OSt20230608091015.0210423s2011 xx 000 0 und d a978-93-80752-49-5 cAL aeng a305.4 OJHW aOJHA (Sudha) aWomen and child development aNew DelhibKunal Booksc2011 avi,272bPB b795cINR aSociology aWomen Studies